header

Global studies means forward-looking / (Record no. 55937)

MARC details
000 -LEADER
fixed length control field 01916nam a2200397 i 4500
001 - CONTROL NUMBER
control field ebr10900562
003 - CONTROL NUMBER IDENTIFIER
control field CaPaEBR
006 - FIXED-LENGTH DATA ELEMENTS--ADDITIONAL MATERIAL CHARACTERISTICS--GENERAL INFORMATION
fixed length control field m o d
007 - PHYSICAL DESCRIPTION FIXED FIELD--GENERAL INFORMATION
fixed length control field cr cn|||||||||
008 - FIXED-LENGTH DATA ELEMENTS--GENERAL INFORMATION
fixed length control field 140913t20142014enka ob 000 0 eng d
020 ## - INTERNATIONAL STANDARD BOOK NUMBER
Cancelled/invalid ISBN 9781784410483
International Standard Book Number 9781784410490 (e-book)
040 ## - CATALOGING SOURCE
Original cataloging agency CaPaEBR
Language of cataloging eng
Description conventions rda
-- pn
Transcribing agency CaPaEBR
035 ## - SYSTEM CONTROL NUMBER
System control number (OCoLC)885122571
050 14 - LIBRARY OF CONGRESS CALL NUMBER
Classification number LB1029.G55
Item number .G563 2014eb
082 04 - DEWEY DECIMAL CLASSIFICATION NUMBER
Classification number 910.71
Edition number 23
245 00 - TITLE STATEMENT
Title Global studies means forward-looking /
Statement of responsibility, etc guest editor, Dr. Gilbert Ahamer.
264 #1 - PRODUCTION, PUBLICATION, DISTRIBUTION, MANUFACTURE, AND COPYRIGHT NOTICE
Place of production, publication, distribution, manufacture [Bradford, England] :
Name of producer, publisher, distributor, manufacturer Emerald,
Date of production, publication, distribution, manufacture, or copyright notice 2014.
Date of production, publication, distribution, manufacture, or copyright notice �2014
300 ## - PHYSICAL DESCRIPTION
Extent 1 online resource (124 pages) :
Other physical details illustrations, tables, graphs.
336 ## - CONTENT TYPE
Content type term text
Source rdacontent
337 ## - MEDIA TYPE
Media type term computer
Source rdamedia
338 ## - CARRIER TYPE
Carrier type term online resource
Source rdacarrier
490 0# - SERIES STATEMENT
Series statement Campus-Wide Information Systems : The international journal of information and learning technology,
International Standard Serial Number 1065-0741 ;
Volume number/sequential designation Volume 31 Number 2/3
504 ## - BIBLIOGRAPHY, ETC. NOTE
Bibliography, etc Includes bibliographical references.
588 ## - SOURCE OF DESCRIPTION NOTE
Source of description note Description based on online resource; title from PDF cover (ebrary, viewed September 13, 2014).
590 ## - LOCAL NOTE (RLIN)
Local note Electronic reproduction. Palo Alto, Calif. : ebrary, 2014. Available via World Wide Web. Access may be limited to ebrary affiliated libraries.
650 #0 - SUBJECT ADDED ENTRY--TOPICAL TERM
Topical term or geographic name as entry element Global method of teaching.
Topical term or geographic name as entry element Curriculum enrichment.
Topical term or geographic name as entry element Globalization
General subdivision Social aspects.
655 #0 - INDEX TERM--GENRE/FORM
Genre/form data or focus term Electronic books.
700 1# - ADDED ENTRY--PERSONAL NAME
Personal name Ahamer, Gilbert,
Relator term editor.
776 08 - ADDITIONAL PHYSICAL FORM ENTRY
Display text Print version:
Title Global studies means forward-looking.
Place, publisher, and date of publication [Bradford, England] : Emerald, c2014
Physical description approximately 124 pages
Series data for related item Campus-Wide Information Systems : The international journal of information and learning technology ; Volume 31 Number 2/3
International Standard Serial Number 1065-0741
International Standard Book Number 9781784410483
797 2# - LOCAL ADDED ENTRY--CORPORATE NAME (RLIN)
Corporate name or jurisdiction name as entry element ebrary.
856 40 - ELECTRONIC LOCATION AND ACCESS
Uniform Resource Identifier <a href="http://site.ebrary.com/lib/rucke/Doc?id=10900562">http://site.ebrary.com/lib/rucke/Doc?id=10900562</a>
Public note An electronic book accessible through the World Wide Web; click to view

No items available.

© 2026 Rongo University
Contact us: librarian | system librarian | Rongo university